[Event "Arab Cities-chT"]
[Site "Monastir"]
[Date "2013.10.29"]
[Round "3.3"]
[White "Hmam, Mohamed"]
[Black "Moulay, Mehdi"]
[Result "1-0"]
[WhiteElo "2090"]
[BlackElo "2069"]
[PlyCount "105"]
[EventDate "2013.10.27"]
[EventType "team-swiss"]
[EventRounds "7"]
[EventCountry "TUN"]
[SourceTitle "EXT 2014"]
[Source "ChessBase"]
[SourceDate "2013.11.20"]
[SourceVersion "1"]
[SourceVersionDate "2013.11.20"]
[SourceQuality "1"]
[WhiteTeam "Menzel Temime"]
[BlackTeam "ASEl Hillel"]
[WhiteTeamCountry "TUN"]
[BlackTeamCountry "ALG"]

1. d4 d5 2. Nf3 Nf6 3. e3 e6 4. Bd3 Be7 5. 0-0 0-0 6. b3 Nbd7 7. Nbd2 b6 8. Bb2 Bb7 9. Ne5 Ne4 10. f3 Nxe5 11. dxe5 Nc5 12. Be2 f5 13. c4 c6 14. b4 Na6 15. a3 Nc7 16. Qc2 a5 17. Qb3 axb4 18. axb4 c5 19. Rxa8 Bxa8 20. b5 f4 21. exf4 Rxf4 22. Rd1 d4 23. Bd3 Ne8 24. Qc2 g6 25. Bc1 Rf7 26. Ne4 Bxe4 27. Bxe4 Bg5 28. Bxg6 hxg6 29. Qxg6+ Rg7 30. Qxe6+ Kh8 31. f4 Bh4 32. Rd3 Qe7 33. Qxb6 Be1 34. Qc6 Nc7 35. Qe4 Ba5 36. f5 Rh7 37. f6 Qf7 38. Rf3 Qxc4 39. Bg5 Qf7 40. h4 Ne6 41. Ra3 Bd8 42. Ra8 Qd7 43. b6 d3 44. Bd2 Qd4+ 45. Qxd4 cxd4 46. Kf2 Rd7 47. Rc8 Rh7 48. Rc6 Nf8 49. e6 Nxe6 50. Rxe6 Rb7 51. h5 Rf7 52. Bg5 Rd7 53. Re7 1-0